COMPARISON OF DIFFERENT RATES OF SEMI-ORGANIC 5-5-5 FERTILIZER ON LETTUCE (Lactuca sativa L.) ប្រៀបធៀបកម្រិតជីពាក់កណ្តាលសរីរាង្គ ៥-៥-៥​ លើដំណាំំសាលាដ (Record no. 22731)

000 -LEADER
fixed length control field 00646nam a22001337a 4500
040 ## - CATALOGING SOURCE
Transcribing agency RUA
082 ## - DEWEY DECIMAL CLASSIFICATION NUMBER
Classification number AGR HEA 2021 B1-570 Or.
100 ## - MAIN ENTRY--AUTHOR NAME
Personal name HEANG BAKKCHHOUNG ហ៊ាង បាក់ឈូង
245 ## - TITLE STATEMENT
Title COMPARISON OF DIFFERENT RATES OF SEMI-ORGANIC 5-5-5 FERTILIZER ON LETTUCE (Lactuca sativa L.) ប្រៀបធៀបកម្រិតជីពាក់កណ្តាលសរីរាង្គ ៥-៥-៥​ លើដំណាំំសាលាដ
260 ## - PUBLICATION, DISTRIBUTION, ETC. (IMPRINT)
Place of publication PHNOM PENH
Name of publisher RUA
Year of publication 2021
300 ## - PHYSICAL DESCRIPTION
Number of Pages IX. 38P
Other physical details VII.
Dimensions 29CM
856 ## - ELECTRONIC LOCATION AND ACCESS
Uniform Resource Identifier https://drive.google.com/file/d/1ok1bIfdedL4hc8DNP5JJ4rWFtUN1WLEb/view?usp=sharing
942 ## - ADDED ENTRY ELEMENTS (KOHA)
Koha item type AGR
952 ## - LOCATION AND ITEM INFORMATION (KOHA)
Withdrawn status [LOCAL, KOHA] 0
952 ## - LOCATION AND ITEM INFORMATION (KOHA)
Withdrawn status [LOCAL, KOHA] 0
952 ## - LOCATION AND ITEM INFORMATION (KOHA)
Withdrawn status [LOCAL, KOHA] 0
952 ## - LOCATION AND ITEM INFORMATION (KOHA)
Withdrawn status [LOCAL, KOHA] 0
Holdings
Permanent Location Date acquired Koha item type Lost status Shelving location Barcode Current Location Full call number
Library Block B2024-03-28AGR B1.570a078353Library Block BAGR HEA 2021 B1-570 Or.
Library Block B2024-03-28AGR B1.570a078473Library Block BAGR HEA 2021 B1-570 Or.
Library Block B2024-03-28AGR B1.570a078329Library Block BAGR HEA 2021 B1-570 Or.
Library Block B2024-03-28AGR B1.570a078413Library Block BAGR HEA 2021 B1-570 Or.
មជ្ឈមណ្ឌលឯការនៃសាកលវិទ្យាល័យភូមិន្ទកសិកម្មចំការដូង

Powered by Koha